000 00658nam a2200229Ia 4500
003 OSt
005 20221007072632.0
006 a|||||r|||| 00| 0
007 ta
008 221006b |||||||| |||| 00| 0 eng d
024 _a27,025
037 _cReports / Technical Reports
040 _aFLL
_cFLL
_beng
041 _2eng
_aeng
082 _aV3:Z:9Zy7, J2
100 _aPhillips O. Hood
245 0 _aLeading cases in constitutional law
260 _aLondon
_bSweet & Maxwell Ltd. London
_c1952
300 _axxi,1-469p
_ccm.
942 _hV3:Z:9Zy7, J2
_cREP
_2CC
999 _c1146608
_d1146608